000 00402nam a2200181Ia 4500
001 2940
005 20260306144844.0
008 260306t1997||||xx |||||||||||||| ||spa||
041 _aESP
082 _a234
_bH94
100 _aHünermann, Peter
_eAUT
245 0 _aCristología
260 _c1997
300 _a506 páginas :
_c22 cm.
650 _aGEN
654 _aCHU
942 _cLIB
_dJUS
_fJUS
_2ddc
_n
999 _c2940
_d2940